Desarrollo económico / (Record no. 66253)

MARC details
000 -LEADER
campo de control de longitud fija 00616nam a2200205 i 4500
001 - NÚMERO DE CONTROL
campo de control 66253
003 - IDENTIFICADOR DE NÚMERO DE CONTROL
campo de control ES-MaACL
005 - FECHA Y HORA DE LA ÚLTIMA TRANSACCIÓN
campo de control 20230906165559.0
007 - CAMPO FIJO DE DESCRIPCIÓN FÍSICA--INFORMACIÓN GENERAL
campo de control de longitud fija t|
008 - DATOS DE LONGITUD FIJA--INFORMACIÓN GENERAL
campo de control de longitud fija 040129s1972 sp ||||1| spa d
100 1# - ENTRADA PRINCIPAL--NOMBRE DE PERSONA
Nombre de persona Galbraith, John Kenneth.
9 (RLIN) 53345
245 10 - MENCIÓN DEL TÍTULO
Título Desarrollo económico /
Mención de responsabilidad, etc. John Kenneth Galbraith ; traducción Carlos Grau Petit.
260 ## - PUBLICACIÓN, DISTRIBUCIÓN, ETC.
Lugar de publicación, distribución, etc. Barcelona :
Nombre del editor, distribuidor, etc. Ariel,
Fecha de publicación, distribución, etc. [1972]
300 ## - DESCRIPCIÓN FÍSICA
Extensión 168 p. ;
Dimensiones 18 cm.
490 1# - MENCIÓN DE SERIE
Mención de serie Ariel quincenal ;
Designación de volumen o secuencia 72
700 1# - ENTRADA AGREGADA--NOMBRE PERSONAL
Nombre de persona Grau Petit, Carlos.
9 (RLIN) 59758
830 0# - PUNTO DE ACCESO ADICIONAL DE SERIE-TÍTULO UNIFORME
Título uniforme Ariel quincenal ;
Designación de volumen o secuencia 72
9 (RLIN) 180806
852 ## - LOCALIZACIÓN
Ubicación ES-MaACL
Número de control de estantería C-49136
Sublocalización o colección R.83623
Holdings
Estatus retirado Estado de pérdida Estado de daño No para préstamo Biblioteca de origen Biblioteca actual Ubicación en estantería Fecha de adquisición Fuente de adquisición Total de préstamos Signatura topográfica completa Código de barras Visto por última vez Precio de reemplazo Tipo de ítem Koha
        Biblioteca del Ateneo de Madrid Biblioteca del Ateneo de Madrid Depósito 2 17/01/2008     C-49136 1069411 23/02/2023 23/02/2023 Libro impreso